[Event "GER-chT U20"]
[Site "Osnabrueck"]
[Date "2011.12.29"]
[Round "6.6"]
[White "Akram, Shumon"]
[Black "Hempel, Kevin"]
[Result "1-0"]
[WhiteElo "1711"]
[BlackElo "1550"]
[PlyCount "55"]
[EventDate "2011.12.27"]
[EventType "team-swiss"]
[EventRounds "7"]
[EventCountry "GER"]
[SourceTitle "CBM 146 Extra"]
[Source "ChessBase"]
[SourceDate "2012.02.29"]
[SourceVersion "1"]
[SourceVersionDate "2012.02.29"]
[SourceQuality "1"]
[WhiteTeam "Hamburg Koenigsspringer"]
[BlackTeam "Wilkau Hasslau Muldental"]
[WhiteTeamCountry "GER"]
[BlackTeamCountry "GER"]

1. e4 e5 2. Nf3 Nc6 3. Bc4 Be7 4. d4 exd4 5. Nxd4 d6 6. Nc3 Nf6 7. 0-0 0-0 8. h3 Ne5 9. Be2 c5 10. Nf3 b6 11. Nxe5 dxe5 12. Bg5 Bb7 13. Bf3 Re8 14. Bxf6 Bxf6 15. Qe2 a5 16. Rfd1 Qc7 17. Nd5 Qc6 18. c4 Bg5 19. a4 Rad8 20. Rd3 Rd6 21. Rb3 Bd8 22. Rd3 Rh6 23. Rad1 Ba6 24. b3 Qg6 25. Bg4 f6 26. Ne3 Be7 27. Nf5 Bb7 28. Rd7 1-0

[Event "GER-chT U20"]
[Site "Osnabrueck"]
[Date "2011.12.28"]
[Round "4.5"]
[White "Hempel, Kevin"]
[Black "Hofmann, Christoph"]
[Result "0-1"]
[WhiteElo "1550"]
[BlackElo "1523"]
[PlyCount "120"]
[EventDate "2011.12.27"]
[EventType "team-swiss"]
[EventRounds "7"]
[EventCountry "GER"]
[SourceTitle "CBM 146 Extra"]
[Source "ChessBase"]
[SourceDate "2012.02.29"]
[SourceVersion "1"]
[SourceVersionDate "2012.02.29"]
[SourceQuality "1"]
[WhiteTeam "Wilkau Hasslau Muldental"]
[BlackTeam "Gernsheim"]
[WhiteTeamCountry "GER"]
[BlackTeamCountry "GER"]

1. e4 c5 2. Nf3 Nc6 3. Bb5 g6 4. c3 Bg7 5. d4 cxd4 6. cxd4 Qb6 7. Bxc6 dxc6 8. Nc3 Bg4 9. d5 Rd8 10. 0-0 Nf6 11. h3 Be6 12. Qa4 Bd7 13. Qc4 cxd5 14. exd5 0-0 15. Re1 Qd6 16. Bf4 Qb6 17. Rxe7 Qxb2 18. Rb1 Qa3 19. Re3 Rc8 20. Qb3 Qxb3 21. Rxb3 b6 22. Ne5 Rfd8 23. Nxd7 Rxd7 24. d6 Ne8 25. Nd5 Kf8 26. Re7 Rxe7 27. Nxe7 Rd8 28. Rd3 Bf6 29. Bh6+ Bg7 30. Bxg7+ Kxg7 31. d7 Nf6 32. Nc6 Rxd7 33. Rxd7 Nxd7 34. Nxa7 Kf6 35. Kf1 Ke5 36. Ke2 Kd4 37. Kd2 Nc5 38. Nb5+ Kd5 39. f3 Ne6 40. g3 Nd4 41. Nc3+ Kc4 42. f4 Nf3+ 43. Kc2 Ng1 44. h4 Nf3 45. Ne4 Nd4+ 46. Kd2 Nf5 47. g4 Kd4 48. Ng5 Nxh4 49. Nxf7 Nf3+ 50. Kc2 Ke4 51. Nd6+ Kxf4 52. Nc4 b5 53. Nd6 Kxg4 54. Nxb5 h5 55. a4 h4 56. a5 h3 57. a6 h2 58. a7 h1Q 59. Kc3 Qa1+ 60. Kc4 Qa6 0-1